=LDR 00000nam 2200000 4500 =001 INLIS000000000011869 =005 20130612103422 =008 ***********************************Ind** =035 ##$$0010-061300000011869 =041 ##$$a Ind =082 ##$$a 4x0 =090 ##$$a 4x0, pel. p =100 ##$$a Prakoso, Joko =245 ##$$a pelangi bahasa , penyuting, harimurti kridalaksana, Anton M.muliono =260 ##$$a 1982 $b Jakarta =300 ##$$a xxi, 341 hlm; 21 cm =650 ##$$a Bahasa =650 ##$$a Pelangi =700 ##$$a Muliono, Anton M =850 ##$$a NBPNMAT